书目信息 |
| 题名: |
聚合物共混改性
|
|
| 作者: | 吴培熙 , 张留城 编著 | |
| 分册: | ||
| 出版信息: | 中国轻工业出版社 |
|
| 页数: | 399页 | |
| 开本: | 24cm | |
| 丛书名: | ||
| 单 册: | ||
| 中图分类: | TQ316.6 | |
| 科图分类: | ||
| 主题词: | 高聚物--生产过程 | |
| 电子资源: | ||
| ISBN: | 978-7-5019-1805-8 | |
| 000 | 00621nam0 2200193 450 | |
| 001 | 202409309131152608 | |
| 005 | 20240930110537.22 | |
| 010 | @a978-7-5019-1805-8 | |
| 100 | @a20240930d km y0chiy0120 ea | |
| 101 | 0 | @achi |
| 200 | 1 | @a聚合物共混改性@AJu He Wu Gong Hun Gai Xing@f吴培熙,张留城编著@FWu Pei Xi,Zhang Liu Cheng Bian Zhu |
| 210 | @c中国轻工业出版社 | |
| 215 | @a399页@d24cm | |
| 606 | 0 | @a高聚物@x生产过程 |
| 690 | @aTQ316.6@v4 | |
| 701 | 0 | @a吴培熙@AWu Pei Xi@4编著 |
| 701 | 0 | @a张留城@AZhang Liu Cheng@4编著 |
| 801 | 0 | @aCN@b大连网信软件有限公司图书馆·11@c20240930 |
| 905 | @aZUCC@b1059061@dTQ316.6@e25=3 | |
| 聚合物共混改性/吴培熙,张留城编著.-中国轻工业出版社 |
| 399页;24cm |
| ISBN 978-7-5019-1805-8: |
| ● |
| 相关链接 |
|
|
|
|
正题名:聚合物共混改性
索取号:TQ316.6/25=3
 
预约/预借
| 序号 | 登录号 | 条形码 | 馆藏地/架位号 | 状态 | 备注 |
| 1 | 1059061 | 210590617 | 密集书库-化学系/ [索取号:TQ316.6/25=3] | 在馆 |